[Event "10. Torneo IRT Mostoles 2019"]
[Site "Móstoles ESP"]
[Date "2019.07.20"]
[Round "3.7"]
[White "Camarero Izquierdo, Juan Carlos"]
[Black "Martin Lozano, Miguel Angel"]
[Result "1-0"]
[WhiteElo "1801"]
[BlackElo "1720"]
[PlyCount "85"]
[EventDate "2019.07.18"]
[EventType "swiss"]
[EventRounds "9"]
[EventCountry "ESP"]
[SourceTitle "Ajedrez en Madrid"]
[Source "lmi"]
[SourceDate "2019.07.18"]
[SourceVersion "1"]
[SourceVersionDate "2019.07.28"]
[SourceQuality "1"]

1. e4 e6 2. d4 d5 3. e5 c5 4. c3 Nc6 5. Nf3 Nh6 6. Bd3 cxd4 7. cxd4 Nf5 8. Bxf5
exf5 9. Nc3 Be6 10. O-O Be7 11. a3 O-O 12. b4 Rc8 13. Ne2 g5 14. h4 g4 15. Ng5
Kh8 16. Nf4 Bxg5 17. Nxe6 fxe6 18. Bxg5 Qb6 19. Bf6+ Rxf6 20. exf6 Qxd4 21.
Qxd4 Nxd4 22. Rfd1 Rc4 23. Kf1 Kg8 24. Rac1 Nc2 25. Ke2 b5 26. Kd3 Nxa3 27.
Rxc4 bxc4+ 28. Kd4 Kf7 29. f3 h5 30. fxg4 Nc2+ 31. Kc3 Ne3 32. Ra1 hxg4 33.
Rxa7+ Kxf6 34. b5 e5 35. b6 d4+ 36. Kd2 c3+ 37. Kd3 c2 38. Ra1 Nd5 39. b7 Nb4+
40. Kd2 e4 41. b8=Q e3+ 42. Ke2 d3+ 43. Kxe3 1-0

[Event "10. Torneo IRT Mostoles 2019"]
[Site "Móstoles ESP"]
[Date "2019.07.20"]
[Round "3.8"]
[White "Navarro Moreno, Juan Carlos"]
[Black "Candela Martin, Alvaro"]
[Result "1-0"]
[WhiteElo "1864"]
[BlackElo "1631"]
[PlyCount "143"]
[EventDate "2019.07.18"]
[EventType "swiss"]
[EventRounds "9"]
[EventCountry "ESP"]
[SourceTitle "Ajedrez en Madrid"]
[Source "lmi"]
[SourceDate "2019.07.18"]
[SourceVersion "1"]
[SourceVersionDate "2019.07.28"]
[SourceQuality "1"]

1. d4 d5 2. Nc3 Nf6 3. Bg5 Nbd7 4. Qd3 h6 5. Bh4 g6 6. e4 dxe4 7. Nxe4 Nxe4 8.
Qxe4 Bg7 9. Qe3 Nf6 10. Bxf6 Bxf6 11. c3 Bf5 12. Bc4 Qd6 13. Nf3 Qc6 14. Qe2
Qe4 15. O-O Qxe2 16. Bxe2 O-O-O 17. Rfe1 e6 18. Bc4 c6 19. h3 g5 20. Ne5 Bxe5
21. Rxe5 Kc7 22. b4 b5 23. Bb3 a6 24. a4 Kb6 25. f3 Rhe8 26. Re3 Rd6 27. Kf2
Rd7 28. g4 Bg6 29. Kg3 Rh8 30. Re5 Kb7 31. Rf1 Kb6 32. h4 gxh4+ 33. Kxh4 bxa4
34. Bxa4 Rd5 35. Re3 h5 36. g5 Rf5 37. Bc2 Rf4+ 38. Kg3 Bxc2 39. Kxf4 Bf5 40.
Re5 Bd3 41. Rh1 h4 42. Rh3 Bf1 43. Rh1 Bd3 44. Rc5 h3 45. Rh2 Bf1 46. Ke5 Rh4
47. Kd6 Bb5 48. Ke5 Bf1 49. Ra5 Bg2 50. f4 Rg4 51. Ra2 Kb5 52. Rf2 Kc4 53. Kf6
Kxc3 54. Kxf7 Bd5 55. Rxh3+ Kxb4 56. Kf6 Kc4 57. g6 Kxd4 58. g7 Be4 59. Kf7 Bd5
60. Kf8 e5 61. f5 e4 62. f6 e3 63. Re2 Rf4 64. Rh6 Kd3 65. Re1 e2 66. g8=Q Bxg8
67. Kxg8 Rf1 68. f7 Kd2 69. Rxe2+ Kxe2 70. f8=Q Rxf8+ 71. Kxf8 c5 72. Rc6 1-0

[Event "10. Torneo IRT Mostoles 2019"]
[Site "Móstoles ESP"]
[Date "2019.07.20"]
[Round "3.9"]
[White "Rubio Gonzalez, Beltran"]
[Black "Olmedo Aznar, Eduardo"]
[Result "0-1"]
[WhiteElo "1576"]
[BlackElo "1786"]
[PlyCount "54"]
[EventDate "2019.07.18"]
[EventType "swiss"]
[EventRounds "9"]
[EventCountry "ESP"]
[SourceTitle "Ajedrez en Madrid"]
[Source "lmi"]
[SourceDate "2019.07.18"]
[SourceVersion "1"]
[SourceVersionDate "2019.07.28"]
[SourceQuality "1"]

1. d4 Nf6 2. Bf4 b6 3. Nf3 Bb7 4. Nbd2 e6 5. e3 Be7 6. h3 d6 7. Bd3 O-O 8. O-O
c5 9. c3 Nc6 10. Qe2 Re8 11. Rad1 Bf8 12. e4 cxd4 13. cxd4 e5 14. dxe5 dxe5 15.
Be3 Qe7 16. Rfe1 Red8 17. Rc1 Rac8 18. Red1 h6 19. a3 Ne8 20. Ba6 Nd6 21. Ne1
Nb8 22. Bxb7 Qxb7 23. Qg4 Kh8 24. f3 Qd7 25. Qxd7 Nxd7 26. b3 Nb5 27. a4 Nc3
0-1

[Event "10. Torneo IRT Mostoles 2019"]
[Site "Móstoles ESP"]
[Date "2019.07.20"]
[Round "3.10"]
[White "Contreras Donoso, Juan Francisco"]
[Black "Rios Gil, Sergio"]
[Result "1-0"]
[WhiteElo "1766"]
[BlackElo "1575"]
[PlyCount "97"]
[EventDate "2019.07.18"]
[EventType "swiss"]
[EventRounds "9"]
[EventCountry "ESP"]
[SourceTitle "Ajedrez en Madrid"]
[Source "lmi"]
[SourceDate "2019.07.18"]
[SourceVersion "1"]
[SourceVersionDate "2019.07.28"]
[SourceQuality "1"]

1. e4 e5 2. Nf3 Nc6 3. Bb5 a6 4. Ba4 d6 5. O-O Nf6 6. d3 b5 7. Bb3 Be6 8. Bxe6
fxe6 9. Ng5 Qd7 10. f4 Be7 11. c3 h6 12. Nf3 O-O 13. fxe5 dxe5 14. Qe2 Rad8 15.
Ne1 a5 16. Be3 b4 17. Nd2 Nb8 18. Nc4 Qb5 19. Kh1 Nbd7 20. Nf3 Bc5 21. a4 bxa3
22. Nxa3 Bxa3 23. Rxa3 Nxe4 24. c4 Qb7 25. dxe4 Qxe4 26. Rxa5 Rf5 27. Rd1 Rf6
28. Rxe5 Nxe5 29. Rxd8+ Rf8 30. Rxf8+ Kxf8 31. Nxe5 Qxe5 32. Qf2+ Kg8 33. h3
Qe4 34. c5 c6 35. Bd4 e5 36. Bc3 Qd5 37. Qg3 Qxc5 38. Qxe5 Qf8 39. Kh2 Qf7 40.
Qg3 c5 41. h4 c4 42. Qg4 Kh8 43. h5 Kg8 44. Kh3 Kh8 45. Kg3 Qc7+ 46. Qf4 Qxf4+
47. Kxf4 Kg8 48. Kf5 Kf7 49. g3 1-0

[Event "10. Torneo IRT Mostoles 2019"]
[Site "Móstoles ESP"]
[Date "2019.07.20"]
[Round "3.11"]
[White "Raya Rodriguez, Juan"]
[Black "Lopez Manso, Jeronimo"]
[Result "1-0"]
[WhiteElo "1730"]
[BlackElo "1560"]
[PlyCount "103"]
[EventDate "2019.07.18"]
[EventType "swiss"]
[EventRounds "9"]
[EventCountry "ESP"]
[SourceTitle "Ajedrez en Madrid"]
[Source "lmi"]
[SourceDate "2019.07.18"]
[SourceVersion "1"]
[SourceVersionDate "2019.07.28"]
[SourceQuality "1"]

1. d4 d5 2. Bf4 Nf6 3. e3 a6 4. Nf3 Bg4 5. h3 Bh5 6. Be2 e6 7. O-O Nbd7 8. Nbd2
c5 9. c3 Qb6 10. Qb3 Qc6 11. a4 c4 12. Qd1 Bg6 13. Nh4 Be7 14. Nxg6 hxg6 15. a5
Nh5 16. Bh2 Bd6 17. Bxd6 Qxd6 18. e4 Nf4 19. e5 Qe7 20. Bg4 f5 21. exf6 Nxf6
22. Re1 O-O-O 23. Qf3 g5 24. Nf1 Rd6 25. Ne3 g6 26. g3 Nd3 27. Re2 Kb8 28. b3
e5 29. Nxd5 Nxd5 30. bxc4 Nxc3 31. Qxd3 Nxe2+ 32. Qxe2 Rxd4 33. Rb1 e4 34. c5
Ka8 35. c6 Rb4 36. Rxb4 Qxb4 37. c7 Qb1+ 38. Kg2 Qc1 39. c8=Q+ Rxc8 40. Bxc8
Qxc8 41. Qxe4 Qc6 42. Qxc6 bxc6 43. Kf3 Kb7 44. Ke4 Kc7 45. Ke5 Kd7 46. f4 gxf4
47. gxf4 Ke7 48. h4 Kd7 49. f5 gxf5 50. Kxf5 c5 51. Ke5 c4 52. Kd4 1-0

[Event "10. Torneo IRT Mostoles 2019"]
[Site "Móstoles ESP"]
[Date "2019.07.20"]
[Round "3.12"]
[White "Salgado Duarte, Pablo"]
[Black "Centeno Mendoza, Julio Stefano"]
[Result "0-1"]
[WhiteElo "1492"]
[BlackElo "1725"]
[PlyCount "110"]
[EventDate "2019.07.18"]
[EventType "swiss"]
[EventRounds "9"]
[EventCountry "ESP"]
[SourceTitle "Ajedrez en Madrid"]
[Source "lmi"]
[SourceDate "2019.07.18"]
[SourceVersion "1"]
[SourceVersionDate "2019.07.28"]
[SourceQuality "1"]

1. d4 d5 2. c4 e5 3. dxe5 d4 4. Nf3 Nc6 5. e3 Bb4+ 6. Bd2 dxe3 7. fxe3 Nh6 8.
a3 Bxd2+ 9. Qxd2 Qxd2+ 10. Nbxd2 Ng4 11. O-O-O Nf2 12. Be2 Nxh1 13. Rxh1 Be6
14. Nb3 O-O-O 15. Nbd4 Bg4 16. Nxc6 bxc6 17. h3 Bxf3 18. Bxf3 Kb7 19. Rf1 Rde8
20. Bg4 Rhf8 21. Rf5 g6 22. Rf6 Rxe5 23. Bf3 Re6 24. Rf4 Rxe3 25. Kd2 Re5 26.
Rd4 Ree8 27. Rf4 f5 28. b4 g5 29. Rd4 Rd8 30. Kc3 Rxd4 31. Kxd4 Kb6 32. a4 a5
33. c5+ Ka6 34. Kc4 axb4 35. Kxb4 Rf6 36. Be2+ Ka7 37. g3 f4 38. gxf4 Rxf4+ 39.
Ka5 Re4 40. Bf3 Re3 41. Bg4 h5 42. Bd7 h4 43. Kb4 Re4+ 44. Ka5 Rc4 45. Be8 g4
46. hxg4 Rxg4 47. Bxc6 h3 48. Kb5 h2 49. Bd5 Rg6 50. a5 c6+ 51. Bxc6 Rxc6 52.
Kxc6 h1=Q+ 53. Kd6 Kb7 54. a6+ Kxa6 55. c6 Kb6 0-1

[Event "10. Torneo IRT Mostoles 2019"]
[Site "Móstoles ESP"]
[Date "2019.07.20"]
[Round "3.13"]
[White "Fernandez Rodriguez, Juan"]
[Black "Poceiro Solino, Juan Octavio"]
[Result "0-1"]
[WhiteElo "1442"]
[BlackElo "1715"]
[PlyCount "96"]
[EventDate "2019.07.18"]
[EventType "swiss"]
[EventRounds "9"]
[EventCountry "ESP"]
[SourceTitle "Ajedrez en Madrid"]
[Source "lmi"]
[SourceDate "2019.07.18"]
[SourceVersion "1"]
[SourceVersionDate "2019.07.28"]
[SourceQuality "1"]

1. c3 c5 2. d4 cxd4 3. cxd4 Nf6 4. Nd2 d5 5. e3 Bf5 6. Ngf3 Qb6 7. Qb3 Qxb3 8.
Nxb3 Nbd7 9. Bd2 e6 10. Rc1 Bd6 11. Nc5 Bxc5 12. dxc5 O-O 13. Nd4 Bg6 14. Bb5
Rfc8 15. c6 bxc6 16. Nxc6 Kh8 17. O-O a6 18. Ba4 Nb6 19. Bb3 Bd3 20. Rfe1 Nc4
21. Bxc4 Bxc4 22. Ne5 Kg8 23. Nxc4 dxc4 24. e4 h6 25. Bc3 Nd7 26. Rc2 Nc5 27.
f3 a5 28. Rd1 Nd3 29. b3 cxb3 30. axb3 Nb4 31. Bxb4 Rxc2 32. Ra1 Rb2 33. Rxa5
Rc8 34. Rc5 Rxc5 35. Bxc5 Rxb3 36. Kf2 Kh7 37. g4 h5 38. h3 h4 39. Be7 f6 40.
e5 Kg6 41. Bd6 Rb2+ 42. Kg1 Re2 43. f4 fxe5 44. Bxe5 Rxe5 45. fxe5 Kg5 46. Kg2
Kf4 47. Kf2 Kxe5 48. Ke3 g5 0-1

[Event "10. Torneo IRT Mostoles 2019"]
[Site "Móstoles ESP"]
[Date "2019.07.20"]
[Round "3.15"]
[White "Fernandez Rodriguez, Diego"]
[Black "Jimenez Gallego, Rafael"]
[Result "0-1"]
[WhiteElo "1208"]
[BlackElo "1389"]
[PlyCount "56"]
[EventDate "2019.07.18"]
[EventType "swiss"]
[EventRounds "9"]
[EventCountry "ESP"]
[SourceTitle "Ajedrez en Madrid"]
[Source "lmi"]
[SourceDate "2019.07.18"]
[SourceVersion "1"]
[SourceVersionDate "2019.07.28"]
[SourceQuality "1"]

1. d4 d5 2. Bf4 e6 3. Nf3 Nc6 4. e3 a6 5. Bd3 Nf6 6. h3 Bd6 7. Bxd6 Qxd6 8. O-O
h6 9. c3 Qe7 10. Nbd2 Nd7 11. Qc2 e5 12. dxe5 Ndxe5 13. Nxe5 Nxe5 14. Bf5 c6
15. Bxc8 Rxc8 16. Rfe1 O-O 17. e4 Qf6 18. Rad1 Qg6 19. Qb3 Nd3 20. Re3 Nf4 21.
Rg3 Ne2+ 22. Kh2 Nxg3 23. fxg3 Qh5 24. exd5 Qxd5 25. Qxd5 cxd5 26. Nb3 Rfd8 27.
Na5 Rd7 28. c4 d4 0-1

[Event "10. Torneo IRT Mostoles 2019"]
[Site "Móstoles ESP"]
[Date "2019.07.20"]
[Round "3.16"]
[White "Martin Garcia, Francisco Javier"]
[Black "Ghavami, Mahmoud"]
[Result "0-1"]
[WhiteElo "1428"]
[BlackElo "1583"]
[PlyCount "78"]
[EventDate "2019.07.18"]
[EventType "swiss"]
[EventRounds "9"]
[EventCountry "ESP"]
[SourceTitle "Ajedrez en Madrid"]
[Source "lmi"]
[SourceDate "2019.07.18"]
[SourceVersion "1"]
[SourceVersionDate "2019.07.28"]
[SourceQuality "1"]

1. c4 c6 2. Nf3 d5 3. b3 Bg4 4. e3 e6 5. Bb2 Nf6 6. Be2 Nbd7 7. d3 Bd6 8. O-O
O-O 9. Nbd2 Re8 10. cxd5 exd5 11. Qc2 Rc8 12. Rac1 Qe7 13. h3 Bh5 14. Rfe1 Ne5
15. Qb1 Bg6 16. Nh4 Ba3 17. Nxg6 Nxg6 18. Nf3 Bxb2 19. Qxb2 Qd6 20. a3 Re6 21.
b4 a6 22. a4 Nd7 23. d4 f5 24. b5 axb5 25. axb5 f4 26. bxc6 bxc6 27. Ng5 Rf6
28. e4 h6 29. e5 Ngxe5 30. dxe5 Nxe5 31. Nf3 Nd7 32. Bd1 c5 33. Bb3 Rb8 34. Qc2
c4 35. Ba2 Nc5 36. Bxc4 dxc4 37. Qxc4+ Ne6 38. Nd4 Qxd4 39. Rxe6 Qxc4 0-1

[Event "10. Torneo IRT Mostoles 2019"]
[Site "Móstoles ESP"]
[Date "2019.07.20"]
[Round "3.17"]
[White "Tudoroiu, Adrian Eugen"]
[Black "Olmedo Alvarez, Jesus"]
[Result "1/2-1/2"]
[WhiteElo "1108"]
[BlackElo "1377"]
[PlyCount "119"]
[EventDate "2019.07.18"]
[EventType "swiss"]
[EventRounds "9"]
[EventCountry "ESP"]
[SourceTitle "Ajedrez en Madrid"]
[Source "lmi"]
[SourceDate "2019.07.18"]
[SourceVersion "1"]
[SourceVersionDate "2019.07.28"]
[SourceQuality "1"]

1. d4 e6 2. Bf4 f5 3. Nf3 Nf6 4. e3 d5 5. Be2 c6 6. O-O Be7 7. c4 O-O 8. Nbd2
Nh5 9. Be5 Nd7 10. a3 Nhf6 11. Ng5 Nxe5 12. dxe5 Ne4 13. Ngxe4 fxe4 14. f3 Bc5
15. fxe4 Bxe3+ 16. Kh1 Bd4 17. Rxf8+ Qxf8 18. cxd5 Bxb2 19. Rb1 Bxe5 20. dxc6
bxc6 21. Nc4 Bc7 22. Qd4 c5 23. Qc3 Ba6 24. Rf1 Qe7 25. Qf3 Bb7 26. Bd3 Rd8 27.
Kg1 Ba8 28. Qe3 Rf8 29. g3 Rxf1+ 30. Kxf1 Qf6+ 31. Qf2 Qxf2+ 32. Kxf2 Kf7 33.
Kf3 Kf6 34. h4 h6 35. h5 Bc6 36. g4 Kg5 37. Ne3 Bf4 38. Ng2 Bc1 39. Bc4 e5 40.
Ne3 Bxa3 41. Nf5 Kf6 42. Nd6 Ba4 43. Nb5 Bd1+ 44. Kg3 Bc1 45. Nc3 Bf4+ 46. Kh4
Bf3 47. Bd3 g5+ 48. hxg6 Kxg6 49. Ne2 Bxe2 50. Bxe2 a5 51. Bb5 Kf6 52. Kh5 Ke6
53. Kg6 Kd6 54. Kf6 Kc7 55. Ke6 Kb6 56. Ba4 c4 57. Kd5 c3 58. Kc4 Bd2 59. Kd5
Bf4 60. Kc4 1/2-1/2

[Event "10. Torneo IRT Mostoles 2019"]
[Site "Móstoles ESP"]
[Date "2019.07.21"]
[Round "4.1"]
[White "Moreno Ruiz, Javier"]
[Black "Gago Padreny, Ignacio"]
[Result "1/2-1/2"]
[WhiteElo "2473"]
[BlackElo "2258"]
[PlyCount "120"]
[EventDate "2019.07.18"]
[EventType "swiss"]
[EventRounds "9"]
[EventCountry "ESP"]
[SourceTitle "Ajedrez en Madrid"]
[Source "lmi"]
[SourceDate "2019.07.18"]
[SourceVersion "1"]
[SourceVersionDate "2019.07.28"]
[SourceQuality "1"]

1. d4 Nf6 2. c4 e6 3. Nc3 Bb4 4. f3 d5 5. a3 Bxc3+ 6. bxc3 c5 7. cxd5 Nxd5 8.
dxc5 f5 9. Nh3 Qa5 10. Nf4 Nc6 11. Nxd5 exd5 12. Qd3 Qxc5 13. Bf4 O-O 14. e3
Re8 15. Be2 Ne5 16. Qd4 Qxd4 17. cxd4 Ng6 18. Kd2 Nxf4 19. exf4 Bd7 20. Rab1
Bc6 21. Bd3 Re7 22. Rhe1 Rxe1 23. Rxe1 Rf8 24. Re5 g6 25. Ke3 b5 26. g4 fxg4
27. fxg4 a5 28. h4 a4 29. Re6 Rc8 30. Kd2 Kf7 31. Re1 Bd7 32. g5 b4 33. axb4
Rb8 34. Rb1 a3 35. Kc3 Ke7 36. Kb3 Rf8 37. Rf1 Ra8 38. Ka2 Rc8 39. Kb3 Ra8 40.
Rf2 Ba4+ 41. Ka2 Bd7 42. f5 gxf5 43. Bxf5 Bb5 44. Bc2 Bc4+ 45. Bb3 Ra4 46. Bxc4
dxc4 47. Rf5 Rxb4 48. Kxa3 Rb1 49. Rf6 c3 50. Rc6 Rh1 51. Kb3 Rxh4 52. Kxc3 Rg4
53. Rc5 Rg3+ 54. Kc4 Kd6 55. Ra5 Rg1 56. Ra6+ Kd7 57. Kc5 Rxg5+ 58. d5 Rg6 59.
Ra7+ Kd8 60. d6 Rg1 1/2-1/2

[Event "10. Torneo IRT Mostoles 2019"]
[Site "Móstoles ESP"]
[Date "2019.07.21"]
[Round "4.2"]
[White "Garcia Diaz, Victor"]
[Black "Candela Perez, Jose"]
[Result "0-1"]
[WhiteElo "2160"]
[BlackElo "2338"]
[PlyCount "84"]
[EventDate "2019.07.18"]
[EventType "swiss"]
[EventRounds "9"]
[EventCountry "ESP"]
[SourceTitle "Ajedrez en Madrid"]
[Source "lmi"]
[SourceDate "2019.07.18"]
[SourceVersion "1"]
[SourceVersionDate "2019.07.28"]
[SourceQuality "1"]

1. e4 c5 2. c3 Nf6 3. Bd3 d5 4. e5 Ng4 5. Bb5+ Nc6 6. d4 Qb6 7. a4 cxd4 8. cxd4
a6 9. Bxc6+ bxc6 10. a5 Qc7 11. Nc3 g6 12. Nge2 h5 13. O-O Bg7 14. Bd2 Nh6 15.
Na4 Bf5 16. Nb6 Rd8 17. Bg5 f6 18. exf6 exf6 19. Bf4 Qb7 20. Ng3 Be6 21. Re1
Kf7 22. Na4 Bf8 23. h3 h4 24. Ne2 Nf5 25. Bh2 Bb4 26. Rf1 g5 27. f4 g4 28. hxg4
Ne3 29. Qb3 Nxf1 30. f5 Nxh2 31. Nc5 Qb5 32. Nxe6 Rb8 33. N2f4 Nxg4 34. Qf3
Rbg8 35. Ng6 Rxg6 36. fxg6+ Kxe6 37. Qxg4+ Ke7 38. Rf1 h3 39. gxh3 Qd3 40. h4
c5 41. Rf4 Bd2 42. g7 Rg8 0-1

[Event "10. Torneo IRT Mostoles 2019"]
[Site "Móstoles ESP"]
[Date "2019.07.21"]
[Round "4.3"]
[White "Longa Yauca, Javier"]
[Black "Camarero Izquierdo, Juan Carlos"]
[Result "1-0"]
[WhiteElo "2261"]
[BlackElo "1801"]
[PlyCount "93"]
[EventDate "2019.07.18"]
[EventType "swiss"]
[EventRounds "9"]
[EventCountry "ESP"]
[SourceTitle "Ajedrez en Madrid"]
[Source "lmi"]
[SourceDate "2019.07.18"]
[SourceVersion "1"]
[SourceVersionDate "2019.07.28"]
[SourceQuality "1"]

1. d4 d5 2. Nf3 e6 3. e3 f5 4. Ne5 Nf6 5. h3 Bd6 6. g4 Bxe5 7. dxe5 Ne4 8. Nd2
O-O 9. Nf3 Nd7 10. Bg2 c6 11. O-O Qc7 12. gxf5 exf5 13. c4 dxc4 14. Qd4 Nb6 15.
b3 Be6 16. Ba3 Rfd8 17. Qb2 Qf7 18. Rfc1 cxb3 19. axb3 Rd3 20. Nd4 Bxb3 21. Bf1
Nc4 22. Qxb3 Qg6+ 23. Kh2 Rxb3 24. Bxc4+ Kh8 25. Bxb3 Qh5 26. Ra2 Ng5 27. Rh1
Qxh3+ 28. Kg1 Qg4+ 29. Kf1 f4 30. f3 Nxf3 31. Rg2 Nd2+ 32. Rxd2 fxe3 33. Rdh2
h6 34. Rh4 e2+ 35. Ke1 Qg3+ 36. Kxe2 Qxe5+ 37. Kf2 Qf6+ 38. Nf3 Rd8 39. Bc1 Rd3
40. Rf4 Qd6 41. Bf7 Rc3 42. Be3 Qd3 43. Bd4 Rc2+ 44. Kg3 Kh7 45. Rg4 Rc4 46.
Rxg7+ Kh8 47. Rxh6+ 1-0

[Event "10. Torneo IRT Mostoles 2019"]
[Site "Móstoles ESP"]
[Date "2019.07.21"]
[Round "4.4"]
[White "De La Fuente Gonzalez, Francisco"]
[Black "Rebollo Palos, Isaac"]
[Result "1-0"]
[WhiteElo "2196"]
[BlackElo "1869"]
[PlyCount "120"]
[EventDate "2019.07.18"]
[EventType "swiss"]
[EventRounds "9"]
[EventCountry "ESP"]
[SourceTitle "Ajedrez en Madrid"]
[Source "lmi"]
[SourceDate "2019.07.18"]
[SourceVersion "1"]
[SourceVersionDate "2019.07.28"]
[SourceQuality "1"]

1. Nf3 d5 2. c4 e6 3. g3 Nf6 4. Bg2 Be7 5. b3 O-O 6. O-O b6 7. Bb2 Bb7 8. d4
Nbd7 9. Nc3 c5 10. cxd5 exd5 11. e3 Rc8 12. Rc1 Re8 13. Ne5 cxd4 14. exd4 a6
15. Re1 Bb4 16. a3 Bxc3 17. Rxc3 Rxc3 18. Bxc3 Ne4 19. Bb2 Ndf6 20. f3 Nd6 21.
Qd2 Re7 22. Rc1 Rc7 23. Bf1 Qc8 24. Rxc7 Qxc7 25. Qc3 Qxc3 26. Bxc3 Nc8 27. g4
h6 28. Kf2 Kf8 29. Ke3 Ke8 30. h4 Nd7 31. h5 f6 32. Nxd7 Kxd7 33. Bb4 Ke6 34.
Bd3 Nd6 35. Bxd6 Kxd6 36. Kf4 Ke7 37. b4 a5 38. b5 Kf7 39. Bf5 Ke7 40. Kg3 Kf7
41. f4 Ke7 42. Kh4 Kf7 43. g5 Ke7 44. Kg4 Kf8 45. gxh6 gxh6 46. Be6 Kg7 47. Kf5
a4 48. Kg4 Kf8 49. Kf3 Ke7 50. Bf5 Kd6 51. Ke3 Kc7 52. Kd3 Ba8 53. Kc3 Bb7 54.
Kb4 Ba8 55. Kxa4 Bb7 56. Kb4 Kb8 57. a4 Ka8 58. a5 bxa5+ 59. Kxa5 Ka7 60. Bd7
Kb8 1-0

[Event "10. Torneo IRT Mostoles 2019"]
[Site "Móstoles ESP"]
[Date "2019.07.21"]
[Round "4.5"]
[White "Sanchez Garcia, Aurelio"]
[Black "Lopez Orellana, Federico"]
[Result "1-0"]
[WhiteElo "2011"]
[BlackElo "1752"]
[PlyCount "65"]
[EventDate "2019.07.18"]
[EventType "swiss"]
[EventRounds "9"]
[EventCountry "ESP"]
[SourceTitle "Ajedrez en Madrid"]
[Source "lmi"]
[SourceDate "2019.07.18"]
[SourceVersion "1"]
[SourceVersionDate "2019.07.28"]
[SourceQuality "1"]

1. c4 e6 2. Nf3 f5 3. g3 Nf6 4. Bg2 g6 5. O-O Bg7 6. Nc3 O-O 7. d4 d6 8. Qc2
Nbd7 9. b3 Rb8 10. Bb2 b6 11. Nb5 Ne4 12. Nxa7 Bb7 13. Nb5 g5 14. e3 Ndf6 15.
Nc3 Nxc3 16. Qxc3 Ne4 17. Qc2 h5 18. Nd2 Nxd2 19. Qxd2 Bxg2 20. Kxg2 Qe7 21. f3
Rbd8 22. e4 f4 23. d5 e5 24. a4 Qd7 25. b4 g4 26. a5 gxf3+ 27. Rxf3 Qg4 28. Qd3
Ra8 29. Bc3 Qg6 30. Kh1 Kh8 31. gxf4 Rxf4 32. Rxf4 exf4 33. Rg1 1-0

[Event "10. Torneo IRT Mostoles 2019"]
[Site "Móstoles ESP"]
[Date "2019.07.21"]
[Round "4.6"]
[White "Centeno Mendoza, Julio Stefano"]
[Black "Largo Barbero, Benito"]
[Result "1-0"]
[WhiteElo "1725"]
[BlackElo "1867"]
[PlyCount "120"]
[EventDate "2019.07.18"]
[EventType "swiss"]
[EventRounds "9"]
[EventCountry "ESP"]
[SourceTitle "Ajedrez en Madrid"]
[Source "lmi"]
[SourceDate "2019.07.18"]
[SourceVersion "1"]
[SourceVersionDate "2019.07.28"]
[SourceQuality "1"]

1. e4 d6 2. d4 g6 3. Nc3 Bg7 4. f4 e6 5. Nf3 Ne7 6. Be3 O-O 7. Be2 b6 8. Qd2
Bb7 9. O-O-O d5 10. e5 Nd7 11. g4 c5 12. h4 f5 13. exf6 Nxf6 14. Ne5 cxd4 15.
Bxd4 Nc6 16. Nxc6 Bxc6 17. Bxf6 Qxf6 18. Rhf1 d4 19. Nb1 d3 20. cxd3 Ba4 21.
Rde1 Rac8+ 22. Nc3 Qe7 23. Kb1 Qb4 24. Ne4 Qxd2 25. Nxd2 Rc2 26. Nc4 b5 27. b3
bxc4 28. Kxc2 cxb3+ 29. axb3 Rc8+ 30. Kb1 Bxb3 31. Bd1 Bd5 32. f5 Rb8+ 33. Kc1
exf5 34. gxf5 Rc8+ 35. Bc2 gxf5 36. Rxf5 Bb3 37. Re2 Bf7 38. h5 h6 39. Kd1 Be8
40. Bb3+ Kh8 41. Re7 a6 42. Bc4 Ra8 43. Bxa6 Bxh5+ 44. Rxh5 Rxa6 45. Ke2 Kh7
46. Rd7 Kg6 47. Rdd5 Bf6 48. Kf3 Ra1 49. Rh2 Rf1+ 50. Rf2 Re1 51. Rd6 Kg5 52.
Rg2+ Kf5 53. Rd5+ Ke6 54. Ra5 Rd1 55. Ke2 Rc1 56. Rg6 Kf7 57. Rxh6 Rc2+ 58. Kd1
Kg7 59. Rh3 Bc3 60. Rc5 Bd4 1-0

[Event "10. Torneo IRT Mostoles 2019"]
[Site "Móstoles ESP"]
[Date "2019.07.21"]
[Round "4.7"]
[White "Gonzalez Pinar, Adrian"]
[Black "Contreras Donoso, Juan Francisco"]
[Result "1/2-1/2"]
[WhiteElo "1866"]
[BlackElo "1766"]
[PlyCount "97"]
[EventDate "2019.07.18"]
[EventType "swiss"]
[EventRounds "9"]
[EventCountry "ESP"]
[SourceTitle "Ajedrez en Madrid"]
[Source "lmi"]
[SourceDate "2019.07.18"]
[SourceVersion "1"]
[SourceVersionDate "2019.07.28"]
[SourceQuality "1"]

1. d4 d5 2. c4 e6 3. Nf3 Nf6 4. Nc3 Be7 5. Bf4 c6 6. e3 O-O 7. cxd5 exd5 8. Bd3
Nbd7 9. O-O Re8 10. Qc2 Nf8 11. Rab1 Nh5 12. Bg3 Nxg3 13. hxg3 Bd6 14. b4 Re6
15. b5 Rh6 16. bxc6 bxc6 17. e4 Bc7 18. Rfc1 Ne6 19. e5 Bb6 20. Ne2 c5 21. dxc5
Nxc5 22. Ned4 Nxd3 23. Qxd3 Bd7 24. Nb5 Bxb5 25. Rxb5 Rc8 26. Rxc8 Qxc8 27.
Rxd5 Rc6 28. Ng5 g6 29. Rd7 Rc1+ 30. Kh2 Qc4 31. Qxc4 Rxc4 32. Nxf7 Bxf2 33.
Nh6+ Kh8 34. e6 Bc5 35. Rc7 Bg1+ 36. Kxg1 Rxc7 37. Nf7+ Kg7 38. Nd6 Re7 39. Nc8
Rxe6 40. Nxa7 Ra6 41. Nb5 Rxa2 42. Nd4 Kf6 43. Nf3 Kf5 44. Kh2 g5 45. Nd4+ Kg4
46. Nf3 Re2 47. Ng1 Re3 48. Nh3 Rxg3 49. Nxg5 1/2-1/2

[Event "10. Torneo IRT Mostoles 2019"]
[Site "Móstoles ESP"]
[Date "2019.07.21"]
[Round "4.8"]
[White "Sotoca Aguado, Jose"]
[Black "Fernandez Lopez, Jaime"]
[Result "1/2-1/2"]
[WhiteElo "1865"]
[BlackElo "1676"]
[PlyCount "106"]
[EventDate "2019.07.18"]
[EventType "swiss"]
[EventRounds "9"]
[EventCountry "ESP"]
[SourceTitle "Ajedrez en Madrid"]
[Source "lmi"]
[SourceDate "2019.07.18"]
[SourceVersion "1"]
[SourceVersionDate "2019.07.28"]
[SourceQuality "1"]

1. d4 Nf6 2. Nf3 c5 3. d5 d6 4. c4 g6 5. g3 Bg7 6. Bg2 O-O 7. O-O e6 8. Nc3
exd5 9. Nxd5 Nxd5 10. cxd5 b5 11. Qc2 Re8 12. e4 Nd7 13. Bf4 Nb6 14. Rad1 Bg4
15. h3 Bxf3 16. Bxf3 Nc4 17. b3 Ne5 18. Be2 Rb8 19. Be3 g5 20. f4 gxf4 21. gxf4
Qh4 22. Kh2 f5 23. Rg1 Ng6 24. Qd2 Rxe4 25. Bd3 Nxf4 26. Bxf4 Rxf4 27. Rg3 Kh8
28. Re1 Bd4 29. Re2 Rg4 30. Rf3 f4 31. Qe1 Qxe1 32. Rxe1 Rg5 33. Re7 Rg7 34.
Rxg7 Kxg7 35. Rf1 a6 36. Kg2 Be3 37. Kf3 h6 38. Rh1 Kf6 39. Rh2 Rg8 40. Ke4 Rg3
41. Be2 Bg1 42. Rh1 Kg5 43. h4+ Kf6 44. Kxf4 Rg7 45. Bg4 Bd4 46. Rf1 Ke7 47.
Re1+ Be5+ 48. Kf5 Rf7+ 49. Kg6 Rf6+ 50. Kh5 Kf7 51. Be6+ Ke7 52. Rg1 c4 53.
Rg7+ Kd8 1/2-1/2